000 00669nam a2200229 a 4500
999 _c1936
_d1936
001 1936
003 BD-JhCC
005 20171026172105.0
008 171026s2010 bg ||||| |||| 00| 0 ben d
020 _a9847015601492
035 _a(BD-JhCC) 1936
040 _aBD-JhCC
_dBD-JhCC
041 _aben
082 _a891.4409
_bSHK 2010
100 _aশাকুর, আবদুশ
245 _aনির্বাচিত প্রবন্ধ /
_cআবদুশ শাকুর
260 _aঢাকা :
_bমাওলা ব্রাদার্স
_c2010
300 _a272 p. :
_c21 cm
650 _aSelective Essays
942 _2ddc
_cBK